LIBRARY & INFORMATION CENTRE, KCAET, TAVANUR

ONLINE PUBLIC ACCESS CATALOGUE (OPAC)

Vijnanam, Vol 3 / (Record no. 3775)

MARC details
000 -LEADER
fixed length control field 00378cam a2200145ua 4500
041 ## - LANGUAGE CODE
Language code of text/sound track or separate title mal
082 ## - DEWEY DECIMAL CLASSIFICATION NUMBER
Classification number 039.94812
Item number MAT/VI
100 ## - MAIN ENTRY--AUTHOR NAME
Personal name Mathew , Kuzhiveli M .
245 ## - TITLE STATEMENT
Title Vijnanam, Vol 3 /
260 ## - PUBLICATION, DISTRIBUTION, ETC. (IMPRINT)
Place of publication Thiruvananthapuram :
Name of publisher Balan Publishers ,
Year of publication 1961.
300 ## - PHYSICAL DESCRIPTION
Number of Pages 3467 ; .
942 ## - ADDED ENTRY ELEMENTS (KOHA)
Koha item type Books
Holdings
Withdrawn status Lost status Damaged status Home library Current library Date acquired Cost, normal purchase price Full call number Accession Number Koha item type
    Damaged KAUAET KAUAET 07/04/2012 30.00 039.94812 7519 Books
free website counter